| 000 | 01330nam a2200325 a 4500 | ||
|---|---|---|---|
| 005 | 20260112063233.0 | ||
| 020 | _a9780761935612 (hard back) | ||
| 020 | _a0761935614 (hard back) | ||
| 020 | _a9780761935629 (pbk.) | ||
| 020 | _a0761935622 (pbk.) | ||
| 020 | _a9788178297217 (India) | ||
| 020 | _a8178297213 (India) | ||
| 020 | _a8178297221 (India) | ||
| 020 | _a9788178297224 (India) | ||
| 039 |
_a202110061300 _bstaff _c202110051205 _d staff _c201301230317 _d staff _c201206290543 _d staff _y 200908040309 _z staff |
||
| 050 |
_a079.54 _bRAJ |
||
| 082 |
_a079.54 _bRAJ [ Shelf 73 ] |
||
| 245 |
_a21st century journalism in India / _cedited by Nalini Rajan. |
||
| 246 | _aTwenty first century journalism in India | ||
| 260 |
_aNew Delhi ; _aThousand Oaks, Calif. : _bSAGE Publications, _c2007. |
||
| 300 |
_a324 p. ; _c22 cm. |
||
| 504 | _aIncludes bibliographical references. | ||
| 650 |
_aJournalism _z India. |
||
| 700 |
_aRajan, Nalini, _d 1954- |
||
| 856 |
_Table of contents only _u http://www.loc.gov/catdir/toc/ecip078/2007001005.html |
||
| 856 |
_Publisher description _u http://www.loc.gov/catdir/enhancements/fy0728/2007001005-d.html |
||
| 991 | _aVIRTUA40 | ||
| 991 | _aVTLSSORT0080*0200*0201*0202*0203*0204*0205*0206*0207*0500*0820*2450*2460*2600*3000*5040*6500*7000*8560*8561*9992 | ||
| 909 | _a1141 | ||
| 999 |
_c1126 _d1126 |
||